Top 10 najmniejszych państw Europy według powierzchni - Statystyki

Ogólne statystyki
  • Ten quiz został rozwiązany 716 razy
  • Średni wynik to 9 z 10
Statystyki odpowiedzi
km2 Państwo % Poprawnych
0,44 Watykan
98%
61,6 San Marino
96%
468 Andora
94%
1,95 Monako
94%
160 Liechtenstein
93%
2586 Luksemburg
92%
316 Malta
86%
13 812 Czarnogóra
74%
25 713 Macedonia Północna
69%
20 273 Słowenia
68%
Nie znaleziono quizów pasujących do podanych kryteriów
Rozkład punktacji
Procent ludzi z każdym wynikiem
Percentyl według liczby udzielonych odpowiedzi
Twoja historia wyników
Nie rozwiązałeś tego quizu